| 000 -LEADER |
| fixed length control field |
00698nam a2200253 a 4500 |
| 001 - CONTROL NUMBER |
| control field |
15421 |
| 003 - CONTROL NUMBER IDENTIFIER |
| control field |
BD-DhUAP |
| 005 - DATE AND TIME OF LATEST TRANSACTION |
| control field |
20200315110555.0 |
| 008 - FIXED-LENGTH DATA ELEMENTS--GENERAL INFORMATION |
| fixed length control field |
200315r20092003ii 000 0 eng d |
| 020 ## - INTERNATIONAL STANDARD BOOK NUMBER |
| International Standard Book Number |
8176494704 |
| 020 ## - INTERNATIONAL STANDARD BOOK NUMBER |
| International Standard Book Number |
9788176494700 |
| 040 ## - CATALOGING SOURCE |
| Original cataloging agency |
BD-DhAAL |
| Transcribing agency |
BD-DhAAL |
| Modifying agency |
BD-DhUAP |
| Language of cataloging |
Eng |
| 082 00 - DEWEY DECIMAL CLASSIFICATION NUMBER |
| Edition number |
23 |
| Classification number |
808.042 MCL |
| 100 ## - MAIN ENTRY--PERSONAL NAME |
| Personal name |
McLaren, Stephen. |
| 245 ## - TITLE STATEMENT |
| Title |
Essay writing made easy / |
| Statement of responsibility, etc. |
Stephen McLaren. |
| 250 ## - EDITION STATEMENT |
| Edition statement |
2nd ed. |
| 260 ## - PUBLICATION, DISTRIBUTION, ETC. |
| Place of publication, distribution, etc. |
New Delhi : |
| Name of publisher, distributor, etc. |
Viva books, |
| Date of publication, distribution, etc. |
c2003 [Reprinted 2009]. |
| 300 ## - PHYSICAL DESCRIPTION |
| Extent |
xiv, 153 ; |
| Dimensions |
23 cm. |
| 650 #0 - SUBJECT ADDED ENTRY--TOPICAL TERM |
| Topical term or geographic name entry element |
English language |
| 9 (RLIN) |
6105 |
| Form subdivision |
Rhetoric. |
| 650 #0 - SUBJECT ADDED ENTRY--TOPICAL TERM |
| Topical term or geographic name entry element |
Report writing. |
| 650 #0 - SUBJECT ADDED ENTRY--TOPICAL TERM |
| Topical term or geographic name entry element |
Essay |
| Form subdivision |
Authorship. |
| 942 ## - ADDED ENTRY ELEMENTS (KOHA) |
| Source of classification or shelving scheme |
|
| Koha item type |
Book |